|
|
|
|
| LEADER |
00000css a2200000 a 4500 |
| 001 |
21-1 |
| 005 |
20230308222400.0 |
| 008 |
000000| ||||||||r|||||||||||spa|| |
| 040 |
|
|
|b spa
|
| 041 |
0 |
|
|a Español
|
| 082 |
0 |
|
|a 805
|b L374e
|
| 100 |
1 |
|
|a Lazaro, José de
|9 306151
|
| 245 |
|
|
|a La España moderna
|c José de Lazaro
|h imp
|
| 264 |
|
|
|a Madrid
|b Establecimiento Tipográfico de Idamor Moreno
|c Enero 1903
|
| 300 |
|
|
|a 208 páginas:
|c 23.5 cm
|
| 362 |
|
|
|a Año 15; no. 169 (enero 1903)
|
| 505 |
0 |
|
|a Contiene: Poetas americanos. El individualismo español.. La Iglesia y la cuestion social. Fé. Curiosidades numismáticas. El renacimiento de Portugal. Lecturas americanas. Crónica literaria
|
| 650 |
|
|
|a Novela española
|9 267043
|
| 852 |
|
|
|a UC-CDJBV
|c ESTANTERIA CERRADA
|f Compra
|k mariana.feican
|l 1
|m Limitada
|p 00000000
|q 20.00
|t 21-1
|y 391963
|b 1
|d CDRC
|e CDRC
|g 805 L374e ESTANTERIA CERRADA
|z 0000-00-00
|
| 942 |
|
|
|c SER
|
| 999 |
|
|
|c 140663
|d 140663
|